00710nam a2200229Ia 4500001000600000003000900006008004100015040001300056040001300069041001300082100001700095100002800112245005600140245008700196250001100283260001100294260001200305260004900317300005900366650002400425650003100449 9645IT-RoPAU130308s9999 xx 000 0 und d aIT-RoPAU cIT-RoPAU aITALIANO aVallini Rita gCodice Aut. SPICS: 185 aIpotesi di un tracciato verso una lessia di Ubu Roi bMaterialita' del testo (La)-Ricerca interdisciplinare Sulle Pratiche Significanti a1a ed. aVERONA bBertani c1977 [1° Ed.:1977 - Ed.Ling.Originale:1977] a"12 p. (prefazione: no ; testo: 12 [pagine: 252-263])" aSAGGI DI SEMIOLOGIA eCodice materia Spics: 3257